[Event "Quebec op"]
[Site "Montreal CAN"]
[Date "1999.07.27"]
[Round "5"]
[White "Saint James, Sonny"]
[Black "Strassmann, Swantje"]
[Result "1/2-1/2"]
[WhiteElo "1903"]
[BlackElo "2153"]
[PlyCount "128"]
[GameId "2160767911742867"]
[EventDate "1999.07.24"]
[EventType "swiss"]
[EventRounds "9"]
[EventCountry "CAN"]

1. e4 c5 2. Nf3 d6 3. d4 cxd4 4. Nxd4 Nf6 5. Nc3 a6 6. Bg5 e6 7. f4 Nbd7 8. Qf3 Be7 9. O-O-O Qc7 10. g4 b5 11. Bxf6 Nxf6 12. g5 Nd7 13. Rg1 b4 14. Nce2 Bb7 15. f5 e5 16. f6 exd4 17. fxe7 Ne5 18. Qf2 d3 19. Nd4 Bxe4 20. Bg2 dxc2 21. Rd2 d5 22. Nf5 Rg8 23. Bxe4 dxe4 24. Nd6+ Kxe7 25. Re1 Rgd8 26. Qf5 Rxd6 27. Qxe5+ Kd7 28. Ree2 Re8 29. Qf5+ Kd8 30. Rxd6+ Qxd6 31. Rd2 Qxd2+ 32. Kxd2 e3+ 33. Kxc2 e2 34. Qd5+ Ke7 35. Qc5+ Kd8 36. Qd6+ Kc8 37. Qxa6+ Kd8 38. Qd6+ Kc8 39. Qc5+ Kd8 40. Qd5+ Kc8 41. Qc4+ Kd8 42. Qd5+ Kc8 43. Qc6+ Kd8 44. Qxe8+ Kxe8 45. Kd2 Ke7 46. Kxe2 Ke6 47. Kf3 Kd5 48. Ke3 Ke5 49. a4 bxa3 50. bxa3 Kd5 51. Kd3 Kc5 52. Kc3 Kb6 53. Kb3 Kc5 54. a4 f5 55. gxf6 gxf6 56. Kc3 f5 57. Kd3 Kb4 58. Ke3 Kxa4 59. Kf4 Kb5 60. Kxf5 Kc6 61. Kg5 Kd7 62. Kh6 Ke7 63. Kxh7 Kf7 64. h4 Kf8 1/2-1/2

[Event "Quebec op"]
[Site "Montreal CAN"]
[Date "1999.07.27"]
[Round "5"]
[White "St Amand, Paul Jr"]
[Black "Miezis, Normunds"]
[Result "0-1"]
[WhiteElo "2160"]
[BlackElo "2524"]
[PlyCount "148"]
[GameId "2160767911742868"]
[EventDate "1999.07.24"]
[EventType "swiss"]
[EventRounds "9"]
[EventCountry "CAN"]
[SourceTitle "EXT 2000"]
[Source "ChessBase"]
[SourceDate "1999.11.18"]
[SourceVersion "1"]
[SourceVersionDate "1999.11.18"]
[SourceQuality "1"]

1. e4 c5 2. c3 d5 3. exd5 Qxd5 4. d4 e6 5. Nf3 Nf6 6. Nbd2 cxd4 7. Bc4 Qc6 8. a4 a6 9. Bb5 axb5 10. axb5 Qc7 11. Rxa8 dxc3 12. bxc3 Nbd7 13. c4 Bc5 14. O-O O-O 15. Qe2 Re8 16. Nb3 Bd6 17. Be3 Ng4 18. b6 Nxb6 19. Bxb6 Qxb6 20. Qc2 Qc7 21. h3 Nf6 22. Nbd4 Bc5 23. Nb3 Bf8 24. Qe2 e5 25. Rc1 e4 26. Nfd4 b6 27. Nb5 Qc6 28. Qa2 e3 29. fxe3 Rxe3 30. N3d4 Qd7 31. Qf2 Rd3 32. Qc2 Rxd4 33. Rxc8 Rd2 34. Rxf8+ Kxf8 35. Qc3 h5 36. Qe3 Qd8 37. Re1 Kg8 38. Nc3 Rd3 39. Qe5 g6 40. Rb1 Nd7 41. Qe1 Qc8 42. Rc1 Qxc4 43. Qe8+ Kg7 44. Ne2 Qe6 45. Qxe6 fxe6 46. Rc6 e5 47. Nc3 h4 48. Kf1 Kh6 49. Ke2 Rg3 50. Kf1 Rd3 51. Ke2 Rd4 52. Nb5 Rd5 53. Nd6 Rc5 54. Nf7+ Kg7 55. Rd6 Kxf7 56. Rxd7+ Ke6 57. Rh7 Rc4 58. Rb7 Rb4 59. Kf3 b5 60. Rh7 g5 61. Rh8 Rf4+ 62. Ke3 b4 63. Rg8 Kd5 64. Kd3 Rd4+ 65. Kc2 Rc4+ 66. Kb3 Rc3+ 67. Kxb4 Rg3 68. Rd8+ Ke4 69. Rd2 Ke3 70. Rb2 Kd3 71. Kc5 e4 72. Rb3+ Ke2 73. Rb2+ Kf1 74. Kd4 e3 0-1

[Event "Quebec op"]
[Site "Montreal CAN"]
[Date "1999.07.27"]
[Round "5"]
[White "Sullivan, Neil"]
[Black "Hebert, Jean"]
[Result "0-1"]
[WhiteElo "2112"]
[BlackElo "2463"]
[PlyCount "70"]
[GameId "2160767911742869"]
[EventDate "1999.07.24"]
[EventType "swiss"]
[EventRounds "9"]
[EventCountry "CAN"]

1. e4 c5 2. Nf3 e6 3. d3 Nc6 4. g3 g6 5. Bg2 Bg7 6. O-O Nge7 7. Nbd2 O-O 8. Re1 d6 9. a4 h6 10. Nf1 e5 11. h4 f5 12. N1h2 Be6 13. c3 Qd7 14. Bd2 a5 15. Qb1 d5 16. Be3 fxe4 17. dxe4 d4 18. Bd2 Kh7 19. b3 dxc3 20. Bxc3 Nd4 21. Bxd4 exd4 22. Nd2 d3 23. Ra2 Nc6 24. Nc4 Bxc4 25. bxc4 Nb4 26. Rd2 Rae8 27. Qb3 g5 28. hxg5 hxg5 29. Red1 Bd4 30. Nf3 Rxf3 31. Bxf3 Qh3 32. Rxd3 Qxg3+ 33. Bg2 Nxd3 34. Qxd3 Qxf2+ 35. Kh1 g4 0-1

[Event "Quebec op"]
[Site "Montreal CAN"]
[Date "1999.07.27"]
[Round "5"]
[White "Voloaca, Mihnea"]
[Black "Michoura, Mikhail"]
[Result "1-0"]
[WhiteElo "2001"]
[BlackElo "2121"]
[PlyCount "81"]
[GameId "2160767911742870"]
[EventDate "1999.07.24"]
[EventType "swiss"]
[EventRounds "9"]
[EventCountry "CAN"]

1. d4 Nf6 2. c4 e6 3. Nf3 b6 4. a3 Bb7 5. Nc3 d5 6. cxd5 Nxd5 7. Qc2 Nxc3 8. bxc3 Bd6 9. e4 Nd7 10. e5 Bxf3 11. gxf3 Be7 12. Qe4 g6 13. h4 O-O 14. Bh6 Re8 15. h5 f5 16. Qc6 Bf8 17. hxg6 hxg6 18. Bc4 Bxh6 19. Bxe6+ Rxe6 20. Qxe6+ Kg7 21. Rg1 Qe8 22. Qxf5 Qf7 23. Qxf7+ Kxf7 24. e6+ Kf6 25. exd7 Rd8 26. Ke2 Bf4 27. Kd3 Rxd7 28. a4 a6 29. Rae1 Rh7 30. Rh1 Rd7 31. Re8 a5 32. Rf8+ Rf7 33. Rxf7+ Kxf7 34. Ke4 g5 35. Kf5 Ke7 36. c4 Kd7 37. Rg1 c6 38. Rb1 Kc7 39. Ke6 Bd2 40. d5 cxd5 41. cxd5 1-0

[Event "Quebec op"]
[Site "Montreal CAN"]
[Date "1999.07.28"]
[Round "6"]
[White "Baiguildine, Ilias"]
[Black "Laurain, Guy"]
[Result "1-0"]
[WhiteElo "2331"]
[BlackElo "2082"]
[PlyCount "65"]
[GameId "2160767911742871"]
[EventDate "1999.07.24"]
[EventType "swiss"]
[EventRounds "9"]
[EventCountry "CAN"]

1. e4 c5 2. Nf3 Nc6 3. d4 cxd4 4. Nxd4 Nf6 5. Nc3 d6 6. Bg5 e6 7. Qd2 a6 8. O-O-O h6 9. Be3 Be7 10. f3 Nxd4 11. Bxd4 e5 12. Be3 b5 13. Kb1 Bb7 14. g4 b4 15. Nd5 Bxd5 16. exd5 Qa5 17. Bc4 Rc8 18. Qe2 O-O 19. g5 hxg5 20. Bxg5 Rc7 21. Rhg1 Rfc8 22. Bd3 Kf8 23. Qg2 Nxd5 24. Bh6 Nc3+ 25. bxc3 bxc3 26. Qxg7+ Ke8 27. Qg8+ Kd7 28. Qg4+ Kd8 29. Qg8+ Kd7 30. Qg4+ Kd8 31. Ka1 Rb7 32. Rb1 Rb2 33. Rxb2 1-0

[Event "Quebec op"]
[Site "Montreal CAN"]
[Date "1999.07.28"]
[Round "6"]
[White "Belanger, Jacques"]
[Black "Luksza, Arkadiusz"]
[Result "0-1"]
[WhiteElo "2043"]
[BlackElo "2135"]
[PlyCount "54"]
[GameId "2160767911742872"]
[EventDate "1999.07.24"]
[EventType "swiss"]
[EventRounds "9"]
[EventCountry "CAN"]

1. e4 d5 2. exd5 Nf6 3. d4 Nxd5 4. c4 Nb6 5. Nf3 Bg4 6. c5 N6d7 7. Bc4 e6 8. h3 Bh5 9. g4 Bg6 10. Qe2 Be7 11. Nc3 Nc6 12. Be3 Na5 13. Bb5 c6 14. Ba4 b5 15. Nxb5 cxb5 16. Bxb5 O-O 17. b4 Be4 18. Bxd7 Qxd7 19. Ne5 Qa4 20. f3 Qxb4+ 21. Qd2 Bh4+ 22. Kf1 Qb5+ 23. Kg2 Bd5 24. Rab1 Qa6 25. Rb4 Nc6 26. Nxc6 Qxc6 27. Qe2 f5 0-1

[Event "Quebec op"]
[Site "Montreal CAN"]
[Date "1999.07.28"]
[Round "6"]
[White "Frappier, Clement"]
[Black "Loadman, Ian"]
[Result "1/2-1/2"]
[WhiteElo "1948"]
[BlackElo "2106"]
[PlyCount "162"]
[GameId "2160767911742873"]
[EventDate "1999.07.24"]
[EventType "swiss"]
[EventRounds "9"]
[EventCountry "CAN"]

1. d4 Nf6 2. c4 c5 3. d5 b5 4. b3 g6 5. Bb2 Bg7 6. e4 d6 7. Qc2 O-O 8. Nd2 e6 9. dxe6 Bxe6 10. Ngf3 Re8 11. cxb5 Bf5 12. O-O-O Nxe4 13. Nxe4 Bxe4 14. Bd3 Bxd3 15. Rxd3 a6 16. Bxg7 Kxg7 17. Rhd1 Re6 18. Qxc5 Nd7 19. Qd4+ Kg8 20. bxa6 Rxa6 21. Kb2 Qa8 22. a4 Nc5 23. Re3 Rxe3 24. fxe3 Rb6 25. Nd2 Nxa4+ 26. Kc2 Nc5 27. Ra1 Qb7 28. Ra3 d5 29. Qa1 Ra6 30. Rxa6 Nxa6 31. Qa5 Qc6+ 32. Kd1 Qb7 33. Ke2 Nb4 34. Nf3 Qe7 35. Nd4 Qd6 36. Qa8+ Kg7 37. Qe8 Qxh2 38. Kf1 Qd6 39. Qc8 Qa6+ 40. Qxa6 Nxa6 41. Nc6 Kf6 42. b4 Ke6 43. b5 Nc5 44. b6 Nb7 45. Ke2 Kd6 46. Nb8 Nc5 47. Kf3 f6 48. Kf4 Nd7 49. Na6 Nxb6 50. Nb4 Nd7 51. Nc2 Nc5 52. Kf3 Ke5 53. Nd4 Ne6 54. Nc6+ Kd6 55. Nb4 Kc5 56. Nd3+ Kc4 57. Nf2 f5 58. g4 fxg4+ 59. Nxg4 d4 60. exd4 Kxd4 61. Nf6 h6 62. Kg3 Ke3 63. Ng4+ Ke4 64. Nxh6 Ke5 65. Ng4+ Kf5 66. Ne3+ Kg5 67. Nd5 Ng7 68. Kh3 Nf5 69. Nc3 Kf4 70. Nd5+ Kf3 71. Nf6 g5 72. Ng4 Nd4 73. Ne5+ Kf4 74. Nd3+ Kf5 75. Nf2 Ne2 76. Kg2 Nf4+ 77. Kg3 Ne2+ 78. Kg2 Nf4+ 79. Kg3 Nh5+ 80. Kg2 Nf6 81. Kg3 Ne4+ 1/2-1/2

[Event "Quebec op"]
[Site "Montreal CAN"]
[Date "1999.07.28"]
[Round "6"]
[White "Ghannoum, Marc"]
[Black "Poulin, Maurice"]
[Result "1-0"]
[WhiteElo "2288"]
[BlackElo "2018"]
[PlyCount "51"]
[GameId "2160767911742874"]
[EventDate "1999.07.24"]
[EventType "swiss"]
[EventRounds "9"]
[EventCountry "CAN"]

1. e4 g6 2. d4 Bg7 3. Nc3 d6 4. f4 c6 5. Nf3 Bg4 6. Be3 d5 7. h3 Bxf3 8. Qxf3 e6 9. e5 Ne7 10. g4 Qa5 11. Bd3 Nd7 12. f5 exf5 13. gxf5 Bxe5 14. dxe5 Nxe5 15. Qe2 Nxd3+ 16. cxd3 O-O-O 17. Bg5 Nxf5 18. Bxd8 Rxd8 19. O-O Qc7 20. Qh2 Qb6+ 21. Qf2 d4 22. Ne4 Re8 23. Qf4 Re6 24. b3 Qb5 25. Rae1 f6 26. Nc3 1-0

[Event "Quebec op"]
[Site "Montreal CAN"]
[Date "1999.07.28"]
[Round "6"]
[White "Hebert, Jean"]
[Black "Zugic, Igor"]
[Result "1/2-1/2"]
[WhiteElo "2454"]
[BlackElo "2406"]
[PlyCount "74"]
[GameId "2160767911742875"]
[EventDate "1999.07.24"]
[EventType "swiss"]
[EventRounds "9"]
[EventCountry "CAN"]
[SourceTitle "EXT 2000"]
[Source "ChessBase"]
[SourceDate "1999.11.18"]
[SourceVersion "1"]
[SourceVersionDate "1999.11.18"]
[SourceQuality "1"]

1. d4 Nf6 2. c4 g6 3. Nc3 d5 4. cxd5 Nxd5 5. e4 Nxc3 6. bxc3 Bg7 7. Nf3 c5 8. Rb1 O-O 9. Be2 Nc6 10. d5 Ne5 11. Nxe5 Bxe5 12. Qc2 Qc7 13. Bh6 Bg7 14. Bxg7 Kxg7 15. O-O e5 16. dxe6 Bxe6 17. f4 f5 18. Bf3 b6 19. e5 Rad8 20. Rfd1 Rxd1+ 21. Rxd1 Rd8 22. Rd2 Rxd2 23. Qxd2 Qd7 24. Qxd7+ Bxd7 25. Bd5 Kf8 26. c4 Ba4 27. Kf2 Bc2 28. Ke2 Bb1 29. a3 Bc2 30. h3 Ba4 31. g4 Bd7 32. g5 Ke7 33. Kd3 Be6 34. Kc3 Bxd5 35. cxd5 b5 36. Kb3 a6 37. a4 Kd7 1/2-1/2

[Event "Quebec op"]
[Site "Montreal CAN"]
[Date "1999.07.28"]
[Round "6"]
[White "Henson, Joshua"]
[Black "Caceres Cortes, Julio"]
[Result "1/2-1/2"]
[WhiteElo "2038"]
[BlackElo "2105"]
[PlyCount "56"]
[GameId "2160767911742876"]
[EventDate "1999.07.24"]
[EventType "swiss"]
[EventRounds "9"]
[EventCountry "CAN"]
[SourceTitle "EXT 2000"]
[Source "ChessBase"]
[SourceDate "1999.11.18"]
[SourceVersion "1"]
[SourceVersionDate "1999.11.18"]
[SourceQuality "1"]

1. e4 c5 2. Nf3 d6 3. d4 cxd4 4. Qxd4 a6 5. c4 Nc6 6. Qd2 Nf6 7. Nc3 g6 8. b3 Bg7 9. Bb2 O-O 10. h3 Bd7 11. Bd3 Qa5 12. O-O b5 13. cxb5 axb5 14. Nxb5 Qxd2 15. Nxd2 Nb4 16. Be2 Nxa2 17. Nc7 Rac8 18. Rxa2 Rxc7 19. Bc4 Rb7 20. e5 dxe5 21. Bxe5 Bb5 22. Rfa1 Rd8 23. Ra8 Rxa8 24. Rxa8+ Bf8 25. Bxf6 exf6 26. Ne4 Kg7 27. Nxf6 Kxf6 28. Rxf8 Bxc4 1/2-1/2

[Event "Quebec op"]
[Site "Montreal CAN"]
[Date "1999.07.28"]
[Round "6"]
[White "Hua, Lefong"]
[Black "Saint James, Sonny"]
[Result "1-0"]
[WhiteElo "2246"]
[BlackElo "1903"]
[PlyCount "61"]
[GameId "2160767911742877"]
[EventDate "1999.07.24"]
[EventType "swiss"]
[EventRounds "9"]
[EventCountry "CAN"]

1. c4 Nf6 2. Nc3 g6 3. e4 d6 4. d4 Bg7 5. f4 O-O 6. Nf3 c5 7. d5 Na6 8. Be2 Nc7 9. a4 a5 10. O-O Bd7 11. e5 Nfe8 12. Be3 b6 13. Bf2 Bg4 14. Qe1 f6 15. e6 f5 16. Ng5 Bxe2 17. Qxe2 Nf6 18. Nf7 Qe8 19. h3 Rc8 20. Qf3 Rxf7 21. exf7+ Qxf7 22. Rfe1 Re8 23. Rad1 Nd7 24. Kh2 h6 25. Bh4 Kh7 26. Kh1 Bd4 27. Re2 e5 28. dxe6 Nxe6 29. Nb5 g5 30. Nxd6 Qe7 31. Nxe8 1-0

[Event "Quebec op"]
[Site "Montreal CAN"]
[Date "1999.07.28"]
[Round "6"]
[White "Kalinin, Alexander"]
[Black "Sullivan, Neil"]
[Result "1/2-1/2"]
[WhiteElo "2425"]
[BlackElo "2112"]
[PlyCount "88"]
[GameId "2160767911742878"]
[EventDate "1999.07.24"]
[EventType "swiss"]
[EventRounds "9"]
[EventCountry "CAN"]

1. Nf3 c5 2. c4 Nc6 3. Nc3 Nf6 4. g3 g6 5. Bg2 Bg7 6. d4 cxd4 7. Nxd4 O-O 8. O-O a6 9. Nc2 d6 10. e4 Bg4 11. f3 Be6 12. Nd5 b5 13. cxb5 axb5 14. Be3 Rb8 15. Kh1 Qd7 16. Rc1 Bh3 17. Ncb4 Bxg2+ 18. Kxg2 Nxb4 19. Nxb4 Rfc8 20. Qd3 h5 21. b3 Kh7 22. Rfd1 Qb7 23. Qd2 Qa8 24. Kg1 Qb7 25. Rxc8 Rxc8 26. Rc1 Rc7 27. Rxc7 Qxc7 28. Qc1 Qa5 29. a3 Qa8 30. Nc6 e6 31. Na7 d5 32. e5 Nd7 33. f4 f6 34. Qc7 fxe5 35. Qxd7 d4 36. Bf2 Qe4 37. Qxb5 d3 38. Qa5 exf4 39. Qd2 fxg3 40. hxg3 Bh6 41. Qd1 d2 42. Kf1 Qh1+ 43. Ke2 Qe4+ 44. Kf1 Qh1+ 1/2-1/2

[Event "Quebec op"]
[Site "Montreal CAN"]
[Date "1999.07.28"]
[Round "6"]
[White "Langen, Roger"]
[Black "Khaziyeva, Dinara"]
[Result "1-0"]
[WhiteElo "2064"]
[BlackElo "1779"]
[PlyCount "41"]
[GameId "2160767911742880"]
[EventDate "1999.07.24"]
[EventType "swiss"]
[EventRounds "9"]
[EventCountry "CAN"]

1. e4 c5 2. Nf3 Nf6 3. Nc3 d5 4. exd5 Nxd5 5. Bb5+ Bd7 6. Qe2 Nxc3 7. bxc3 Qc7 8. Bc4 e6 9. O-O Be7 10. d4 Bc6 11. Ne5 O-O 12. Bd3 Nd7 13. Nxc6 Qxc6 14. Rb1 Qc7 15. Qe4 Nf6 16. Rxb7 Qc8 17. Qf3 Nd5 18. Rb1 Bf6 19. Bd2 cxd4 20. cxd4 Bxd4 21. Qe4 1-0

[Event "Quebec op"]
[Site "Montreal CAN"]
[Date "1999.07.28"]
[Round "6"]
[White "Larochelle, Martial"]
[Black "Bannon, Eric"]
[Result "1-0"]
[WhiteElo "2260"]
[BlackElo "2028"]
[PlyCount "83"]
[GameId "2160767911742881"]
[EventDate "1999.07.24"]
[EventType "swiss"]
[EventRounds "9"]
[EventCountry "CAN"]

1. e4 c5 2. Nf3 Nc6 3. d4 cxd4 4. Nxd4 g6 5. c4 Nf6 6. Nc3 d6 7. f3 Nxd4 8. Qxd4 Bg7 9. Bg5 O-O 10. Qd2 Be6 11. Rc1 Qa5 12. b3 Rfc8 13. Be2 a6 14. Nd5 Qxd2+ 15. Kxd2 Bxd5 16. cxd5 Kf8 17. Rxc8+ Rxc8 18. Rc1 Rxc1 19. Kxc1 Nd7 20. Be3 Bc3 21. Kc2 Bb4 22. Bc1 Bc5 23. Bd2 Nf6 24. b4 Bg1 25. h3 Nd7 26. a4 Kg7 27. g4 f5 28. exf5 gxf5 29. gxf5 Nb6 30. Kb3 Nxd5 31. Bc4 Ne3 32. Be6 Kf6 33. Bc3+ Kg5 34. Bd4 Bf2 35. Bc8 Nd1 36. Bxf2 Nxf2 37. Bxb7 Nxh3 38. b5 a5 39. b6 Nf4 40. Be4 d5 41. b7 dxe4 42. fxe4 1-0

[Event "Quebec op"]
[Site "Montreal CAN"]
[Date "1999.07.28"]
[Round "6"]
[White "Miezis, Normunds"]
[Black "Grondin, Jean-Philippe"]
[Result "1-0"]
[WhiteElo "2524"]
[BlackElo "2250"]
[PlyCount "79"]
[GameId "2160767911742884"]
[EventDate "1999.07.24"]
[EventType "swiss"]
[EventRounds "9"]
[EventCountry "CAN"]
[SourceTitle "EXT 2000"]
[Source "ChessBase"]
[SourceDate "1999.11.18"]
[SourceVersion "1"]
[SourceVersionDate "1999.11.18"]
[SourceQuality "1"]

1. c4 Nf6 2. Nc3 c5 3. e4 Nc6 4. g3 g6 5. Bg2 Bg7 6. Nge2 O-O 7. a3 Ne8 8. Rb1 Nc7 9. b4 Ne6 10. bxc5 Ncd4 11. Nxd4 Bxd4 12. Ne2 Qc7 13. Nxd4 Nxd4 14. O-O Qxc5 15. d3 Rb8 16. Be3 a6 17. f4 d6 18. Qd2 e5 19. f5 f6 20. g4 g5 21. h4 h6 22. Kf2 Rf7 23. Kg3 Rg7 24. Rh1 Bd7 25. hxg5 hxg5 26. Bf3 Kf7 27. Rh6 Bc6 28. Rbh1 Rbg8 29. Rb1 Rb8 30. Qh2 Nxf5+ 31. gxf5 Qxe3 32. Rxf6+ Kxf6 33. Qh6+ Kf7 34. Qe6+ Kf8 35. Rh1 Qf4+ 36. Kf2 Qd2+ 37. Be2 Qf4+ 38. Kg2 Bxe4+ 39. dxe4 Qxe4+ 40. Bf3 1-0

[Event "Quebec op"]
[Site "Montreal CAN"]
[Date "1999.07.28"]
[Round "6"]
[White "Mikanovic, Goran"]
[Black "Reeve, Jeff"]
[Result "1-0"]
[WhiteElo "2355"]
[BlackElo "2264"]
[PlyCount "89"]
[GameId "2160767911742885"]
[EventDate "1999.07.24"]
[EventType "swiss"]
[EventRounds "9"]
[EventCountry "CAN"]

1. d4 Nf6 2. c4 c5 3. d5 b5 4. Nf3 b4 5. a3 bxa3 6. Rxa3 d6 7. Nc3 g6 8. e4 Bg7 9. Be2 O-O 10. O-O Na6 11. h3 Nb4 12. Bf4 Nd7 13. Qd2 f6 14. Rfa1 a6 15. Be3 Rb8 16. Nh2 Qe8 17. Rf1 Kh8 18. f4 f5 19. exf5 gxf5 20. Nf3 Nf6 21. Bf2 h6 22. Nh4 Qf7 23. Bf3 Rd8 24. Re1 Re8 25. Nd1 e6 26. Rae3 exd5 27. Rxe8+ Nxe8 28. Re7 Qg8 29. Bh5 Be6 30. Qe2 Nf6 31. Bg6 Ne4 32. Bxf5 Bxf5 33. Nxf5 Bf8 34. Rc7 Qe6 35. Nh4 Re8 36. f5 Qf6 37. Qh5 Rb8 38. Ng6+ Kg8 39. Ne3 Nxf2 40. Kxf2 Nd3+ 41. Kg1 Qd4 42. Qf3 Ne5 43. Qxd5+ Qxd5 44. Nxd5 Nf7 45. g4 1-0

[Event "Quebec op"]
[Site "Montreal CAN"]
[Date "1999.07.28"]
[Round "6"]
[White "Safranska, Anda"]
[Black "Burnett, Ronald"]
[Result "1-0"]
[WhiteElo "2267"]
[BlackElo "2195"]
[PlyCount "150"]
[GameId "2160767911742887"]
[EventDate "1999.07.24"]
[EventType "swiss"]
[EventRounds "9"]
[EventCountry "CAN"]

1. e4 g6 2. d4 d6 3. Nc3 Nf6 4. g3 Bg7 5. Bg2 O-O 6. Nge2 e5 7. h3 Nc6 8. Be3 a6 9. a4 Nd7 10. O-O exd4 11. Nxd4 Nde5 12. Nde2 Nc4 13. Bc1 Rb8 14. b3 N4a5 15. Rb1 Nb4 16. Nd5 Nac6 17. Nxb4 Nxb4 18. Bb2 Bxb2 19. Rxb2 Qf6 20. c3 a5 21. Qd2 Na6 22. Nf4 Be6 23. b4 b5 24. axb5 Rxb5 25. Nxe6 fxe6 26. Ra2 Rfb8 27. Rd1 R5b6 28. Rxa5 Rf8 29. e5 dxe5 30. Qe2 Nb8 31. Rxe5 Nd7 32. Re3 Qe7 33. Re1 Rf6 34. Qc4 Nf8 35. h4 Rd6 36. R3e2 Qf7 37. Ra1 Rd7 38. Qc5 Rf5 39. Qe3 Qf6 40. Ra8 Kg7 41. Rd2 Rf7 42. Ra5 Nd7 43. Rxf5 gxf5 44. Re2 e5 45. Bd5 Re7 46. f3 h6 47. Bb3 Kh8 48. Qd2 Rg7 49. Rg2 Nf8 50. Qd5 h5 51. b5 Kh7 52. Qd1 Qb6+ 53. Kh2 Qxb5 54. f4 Kh6 55. fxe5 Qxe5 56. Qd2+ Kh7 57. Bc2 Rg4 58. Kh3 Kg7 59. Bd1 Re4 60. Qg5+ Kf7 61. Bb3+ Ke8 62. Qxh5+ Kd8 63. Qf7 Qd6 64. Qxf5 Re5 65. Qf4 Ng6 66. Qd2 Ke7 67. Qxd6+ cxd6 68. Bc2 Nf8 69. Bd3 Rc5 70. c4 Ne6 71. Re2 Ra5 72. Kg4 Kf6 73. Rf2+ Ke7 74. Be4 Nc5 75. Bd5 Nd3 1-0

[Event "Quebec op"]
[Site "Montreal CAN"]
[Date "1999.07.28"]
[Round "6"]
[White "Schleifer, Michael"]
[Black "Moss, Laurent"]
[Result "1-0"]
[WhiteElo "2432"]
[BlackElo "1943"]
[PlyCount "57"]
[GameId "2160767911742888"]
[EventDate "1999.07.24"]
[EventType "swiss"]
[EventRounds "9"]
[EventCountry "CAN"]

1. d4 Nf6 2. c4 c5 3. d5 b5 4. Nd2 e6 5. e4 bxc4 6. Bxc4 Bb7 7. Qf3 Bd6 8. Ne2 Qc7 9. h3 O-O 10. O-O Na6 11. a3 exd5 12. exd5 Rfe8 13. Nc3 Re5 14. Qd3 Qb6 15. Nde4 Nxe4 16. Nxe4 Rae8 17. Nxd6 Qxd6 18. Bf4 Nc7 19. Rad1 Qb6 20. Bxe5 Rxe5 21. Rfe1 Rg5 22. f4 Rg6 23. Re2 Qd6 24. Qb3 Qb6 25. Qxb6 Rxb6 26. d6 Ne6 27. f5 Bxg2 28. fxe6 Bf3 29. exf7+ 1-0

[Event "Quebec op"]
[Site "Montreal CAN"]
[Date "1999.07.28"]
[Round "6"]
[White "Strassmann, Swantje"]
[Black "Glinert, Stephen"]
[Result "1-0"]
[WhiteElo "2347"]
[BlackElo "2153"]
[PlyCount "74"]
[GameId "2160767911742889"]
[EventDate "1999.07.24"]
[EventType "swiss"]
[EventRounds "9"]
[EventCountry "CAN"]

1. e4 d6 2. d4 Nf6 3. Nc3 g6 4. Nf3 Bg7 5. h3 O-O 6. Be2 c5 7. O-O cxd4 8. Nxd4 Nc6 9. Be3 a6 10. Qd2 Nxd4 11. Bxd4 b5 12. a3 Bb7 13. Bf3 e5 14. Be3 Qc7 15. Rad1 Rfd8 16. Rfe1 Rac8 17. Bg5 Qb6 18. Bg4 Rc4 19. Be2 Rc7 20. Be3 Qa5 21. b4 Qxa3 22. Nxb5 axb5 23. Bb6 Nxe4 24. Qd3 Rc3 25. Qxb5 Bc6 26. Qa5 Ra8 27. Qxa3 Rcxa3 28. Bf3 f5 29. c4 Bf8 30. c5 dxc5 31. bxc5 Rc3 32. Bxe4 fxe4 33. Rc1 Rxc1 34. Rxc1 Kf7 35. Kf1 Ke6 36. Rc2 Bb5+ 37. Ke1 Bh6 1-0

[Event "Quebec op"]
[Site "Montreal CAN"]
[Date "1999.07.28"]
[Round "6"]
[White "Voloaca, Mihnea"]
[Black "Duong, Thanh Nha"]
[Result "0-1"]
[WhiteElo "2001"]
[BlackElo "2449"]
[PlyCount "108"]
[GameId "2160767911742890"]
[EventDate "1999.07.24"]
[EventType "swiss"]
[EventRounds "9"]
[EventCountry "CAN"]

1. d4 Nf6 2. c4 c5 3. d5 b5 4. cxb5 a6 5. b6 d6 6. Nc3 g6 7. Nf3 Nbd7 8. a4 Qxb6 9. a5 Qb7 10. e4 Bg7 11. Be2 O-O 12. O-O Ne8 13. Ra3 Rb8 14. Nd2 Nc7 15. Rb3 Qa7 16. Kh1 Bb7 17. f4 Ba8 18. Rxb8 Rxb8 19. Qa4 Nf6 20. Qa2 Nb5 21. Na4 Nd4 22. Bd1 h5 23. Nb6 Qc7 24. Qb1 Bb7 25. Ndc4 e6 26. Nxd6 Qxd6 27. e5 Qd8 28. exf6 Bxf6 29. dxe6 Nf5 30. exf7+ Kxf7 31. Bxh5 Nh4 32. Bf3 Nxf3 33. gxf3 Qh8 34. Qa2+ Kg7 35. Qe6 Re8 36. Qg4 Re2 37. h3 Qh4 38. b3 Re1 39. Qxh4 Rxf1+ 40. Kg2 Rxf3 41. Qe1 Rxf4+ 42. Kg1 Re4 43. Be3 Rxe3 44. Qxe3 Bd4 45. Kf2 Bc6 46. Qxd4+ cxd4 47. Ke2 Kf6 48. Kd3 Ke5 49. Nc8 Bb5+ 50. Kd2 Bd7 51. Ne7 g5 52. Ng6+ Kf6 53. h4 Kxg6 54. hxg5 Bb5 0-1

[Event "Quebec op"]
[Site "Montreal CAN"]
[Date "1999.07.29"]
[Round "7"]
[White "Bolduc, Steve"]
[Black "Baiguildine, Ilias"]
[Result "0-1"]
[WhiteElo "2172"]
[BlackElo "2331"]
[PlyCount "56"]
[GameId "2160767911742891"]
[EventDate "1999.07.24"]
[EventType "swiss"]
[EventRounds "9"]
[EventCountry "CAN"]
[SourceTitle "hb 2011"]

1. d4 Nf6 2. c4 e6 3. Nf3 Bb4+ 4. Bd2 c5 5. dxc5 Bxc5 6. Nc3 Nc6 7. e3 O-O 8. Be2 d5 9. O-O a6 10. Rc1 Ba7 11. cxd5 exd5 12. Qa4 Qe7 13. Rfd1 Rd8 14. Be1 h6 15. Qh4 Bf5 16. h3 Rac8 17. a3 Qe6 18. g4 Bg6 19. g5 hxg5 20. Nxg5 Qe7 21. e4 dxe4 22. Bc4 Ne5 23. Nd5 Nxd5 24. Bxd5 Rxc1 25. Nxf7 Qxh4 26. Nxd8+ Kh7 27. Rxc1 Qg3+ 28. Kf1 Qxh3+ 0-1

[Event "Quebec op"]
[Site "Montreal CAN"]
[Date "1999.07.29"]
[Round "7"]
[White "Caceres Cortes, Julio"]
[Black "Sakr, Nassim"]
[Result "0-1"]
[WhiteElo "2105"]
[BlackElo "2209"]
[PlyCount "78"]
[GameId "2160767911742892"]
[EventDate "1999.07.24"]
[EventType "swiss"]
[EventRounds "9"]
[EventCountry "CAN"]
[SourceTitle "EXT 2000"]
[Source "ChessBase"]
[SourceDate "1999.11.18"]
[SourceVersion "1"]
[SourceVersionDate "1999.11.18"]
[SourceQuality "1"]

1. e4 c5 2. Nf3 d6 3. d4 cxd4 4. Nxd4 Nf6 5. Nc3 a6 6. Bg5 e6 7. f4 Nc6 8. Nxc6 bxc6 9. e5 h6 10. Bh4 g5 11. fxg5 Nd5 12. Ne4 Qb6 13. Bd3 Qe3+ 14. Qe2 Qxe2+ 15. Bxe2 dxe5 16. O-O hxg5 17. Bxg5 f5 18. Ng3 Bc5+ 19. Kh1 Ra7 20. c4 Ne3 21. Rf3 Ng4 22. h3 Rg7 23. Bd2 Nf2+ 24. Kh2 f4 25. Nf1 Rgh7 26. g4 fxg3+ 27. Kg2 e4 28. Rb3 e5 29. Rb8 Ke7 30. Rxc8 Rxc8 31. Ne3 Rf8 32. b4 Bd4 33. Rb1 Nd3 34. Nd1 Nf4+ 35. Bxf4 exf4 36. Bg4 Rg8 37. b5 Rxg4 38. bxc6 f3+ 39. Kf1 g2+ 0-1